| 000 | 00415nam a2200157Ia 4500 | ||
|---|---|---|---|
| 008 | 210716s2004 xx 000 0 und d | ||
| 020 | _a8175154608 | ||
| 041 | _aeng | ||
| 082 | _a153.94 MITP | ||
| 100 | _aMittal, P K. | ||
| 245 | _aNumerical ability and quantitative aptitude. | ||
| 250 | _a1 | ||
| 260 |
_aNew Delhi _bGalgotia Publications Pvt Ltd _c2004 |
||
| 300 | _axviii,40.128 | ||
| 650 | _aAptitude Test | ||
| 999 |
_c190176 _d190176 |
||